000 01327nam a22002657a 4500
005 20260511154351.0
008 130821s1921 fr fr d fre
040 _aCo-BoUCM
_bspa
_cSandra Yazo (modificó)
_dSandra Yazo (modificó)
041 0 0 _afre
082 _aFCS 792
_bR67
_21921
100 1 _aRostand, Edmond
_9150002
_d1868-1918
242 0 3 _aLa última noche de Don Juan
_bPoema dramático en dos partes y un prólogo
_cEdmond Rostand
_yspa
245 1 3 _aLa derniere nuit de Don Juan
_cEdmond Rostand
_bPoème dramatique en deux parties et un prologue
250 _aDixième mille [Decima]
260 _aParís (Francia)
_bLibrairie Charpentier et Fasquelle [Librería Charpentier y Fasquelle]
_c1921
300 _a141 páginas
_c21 x 14 cm
500 _aDetalles físicos: Encuadernación flexible. Anteportada. Portada impresa en una sola tinta. Texto impreso en una sola columna, margenes amplios. Papel con oxidación en bordes, hojas sin refilar. Ejemplar en buen estado de conservación. Transferencia al Archivo Histórico en el año 2025
500 _aFondo Castro Silva
506 _aConsulta en sala
546 _aTexto en francés
650 0 4 _aDrama
_913567
650 0 4 _aTeatro francés
_925063
650 0 4 _aLiteratura francesa
_97794
942 _cLIBRO
_a11
_e1
_mR67
_n0
_2DEWEY
_h792
999 _c86564
_d86564